Library Banner

The energetics of the United States of America (Record no. 53895)

MARC details
000 -LEADER
fixed length control field 00511nam a2200181Ia 4500
001 - CONTROL NUMBER
control field 56582
008 - FIXED-LENGTH DATA ELEMENTS--GENERAL INFORMATION
fixed length control field 140506s9999 xx 000 0 und d
020 ## - INTERNATIONAL STANDARD BOOK NUMBER
International Standard Book Number NA
040 ## - CATALOGING SOURCE
Transcribing agency PK-LaUMT
082 ## - DEWEY DECIMAL CLASSIFICATION NUMBER
Classification number MAL 333.82130973
Item number DRY-E
100 ## - MAIN ENTRY--PERSONAL NAME
Personal name Calef, Charles E.
245 #4 - TITLE STATEMENT
Title The energetics of the United States of America
Statement of responsibility, etc Calef, Charles E.<>Drysdale, Frank R.
260 ## - PUBLICATION, DISTRIBUTION, ETC. (IMPRINT)
Place of publication, distribution, etc New York,usa:
Name of publisher, distributor, etc Brookhaven National Laboratory,
Date of publication, distribution, etc 1977
300 ## - PHYSICAL DESCRIPTION
Extent 439 p.
546 ## - LANGUAGE NOTE
Language note EN
700 ## - ADDED ENTRY--PERSONAL NAME
Personal name Drysdale, Frank R.
942 ## - ADDED ENTRY ELEMENTS (KOHA)
Koha item type Books
Holdings
Withdrawn status Lost status Damaged status Not for loan Home library Current library Date acquired Total Checkouts Full call number Barcode Date last seen Price effective from Koha item type
        UMT Main Campus UMT Main Campus 2014-05-06   MAL 333.82130973 DRY-E 75977 2014-05-08 2014-05-08 Books